000
00304nam a22001337a 4500
008
170210b xxu||||| |||| 00| 0 eng d
020
_a
9781591950219
041
_a
eng
080
_a
61
100
_a
4
101
_a
shm
245
_a
CLINICIAN'S GUIDE TO INTERNAL MEDICINE
_c
DESAI, S.P
942
_2
udc
_c
BK
999
_c
5142
_d
5142